<?xml version="1.0" encoding="UTF-8"?>
<record
    xmlns:xsi="http://www.w3.org/2001/XMLSchema-instance"
    xsi:schemaLocation="http://www.loc.gov/MARC21/slim http://www.loc.gov/standards/marcxml/schema/MARC21slim.xsd"
    xmlns="http://www.loc.gov/MARC21/slim">

  <leader>01134nam0a2200337 i 4500</leader>
  <controlfield tag="001">RU\NLR\BIBL_A\010194673</controlfield>
  <controlfield tag="005">20240921121554.0</controlfield>
  <datafield tag="010" ind1=" " ind2=" ">
    <subfield code="a">9785751611880</subfield>
    <subfield code="9">3000</subfield>
  </datafield>
  <datafield tag="021" ind1=" " ind2=" ">
    <subfield code="a">RU</subfield>
    <subfield code="b">2013-104820</subfield>
    <subfield code="9">7280</subfield>
  </datafield>
  <datafield tag="035" ind1=" " ind2=" ">
    <subfield code="a">(NILC)RuMoRGB-006718746</subfield>
  </datafield>
  <datafield tag="035" ind1=" " ind2=" ">
    <subfield code="a">(NLR Aleph) 010194673</subfield>
  </datafield>
  <datafield tag="090" ind1=" " ind2=" ">
    <subfield code="a">10215523</subfield>
    <subfield code="c">10215523</subfield>
  </datafield>
  <datafield tag="100" ind1=" " ind2=" ">
    <subfield code="a">20140226d2013    um y0rusy50      ca</subfield>
  </datafield>
  <datafield tag="101" ind1="1" ind2=" ">
    <subfield code="a">rus</subfield>
    <subfield code="c">ger</subfield>
  </datafield>
  <datafield tag="102" ind1=" " ind2=" ">
    <subfield code="a">RU</subfield>
  </datafield>
  <datafield tag="105" ind1=" " ind2=" ">
    <subfield code="a">y|||z|||000ay</subfield>
  </datafield>
  <datafield tag="200" ind1="1" ind2=" ">
    <subfield code="a">&#x412;&#x437;&#x43B;&#x435;&#x442;&#x430;&#x44E;&#x442; &#x433;&#x43E;&#x43B;&#x443;&#x431;&#x438;</subfield>
    <subfield code="e">&#x440;&#x43E;&#x43C;&#x430;&#x43D;</subfield>
    <subfield code="f">&#x41C;&#x435;&#x43B;&#x438;&#x43D;&#x434;&#x430; &#x41D;&#x430;&#x434;&#x44C; &#x410;&#x431;&#x43E;&#x43D;&#x438;</subfield>
    <subfield code="g">&#x43F;&#x435;&#x440;. &#x441; &#x43D;&#x435;&#x43C;. &#x42E;. &#x413;&#x443;&#x441;&#x435;&#x432;&#x430;</subfield>
  </datafield>
  <datafield tag="210" ind1=" " ind2=" ">
    <subfield code="a">&#x41C;&#x43E;&#x441;&#x43A;&#x432;&#x430;</subfield>
    <subfield code="c">&#x422;&#x435;&#x43A;&#x441;&#x442;</subfield>
    <subfield code="d">2013</subfield>
  </datafield>
  <datafield tag="215" ind1=" " ind2=" ">
    <subfield code="a">314, [2] &#x441;.</subfield>
    <subfield code="d">20</subfield>
  </datafield>
  <datafield tag="225" ind1="1" ind2=" ">
    <subfield code="a">&#x41F;&#x435;&#x440;&#x432;&#x44B;&#x439; &#x440;&#x44F;&#x434;</subfield>
  </datafield>
  <datafield tag="225" ind1="1" ind2=" ">
    <subfield code="a">&#x421;&#x43E;&#x432;&#x440;&#x435;&#x43C;&#x435;&#x43D;&#x43D;&#x430;&#x44F; &#x437;&#x430;&#x440;&#x443;&#x431;&#x435;&#x436;&#x43D;&#x430;&#x44F; &#x43F;&#x440;&#x43E;&#x437;&#x430;</subfield>
  </datafield>
  <datafield tag="675" ind1=" " ind2=" ">
    <subfield code="a">821.112.2(494)-31</subfield>
  </datafield>
  <datafield tag="686" ind1="1" ind2=" ">
    <subfield code="a">&#x428;6(4&#x428;)167-4(&#x41B;&#x445;1398)</subfield>
  </datafield>
  <datafield tag="700" ind1=" " ind2="1">
    <subfield code="7">ca</subfield>
    <subfield code="8">rus</subfield>
    <subfield code="a">&#x41D;&#x430;&#x434;&#x44C; &#x410;&#x431;&#x43E;&#x43D;&#x438;</subfield>
    <subfield code="b">&#x41C;.</subfield>
    <subfield code="f">1968-</subfield>
    <subfield code="g">&#x41C;&#x435;&#x43B;&#x438;&#x43D;&#x434;&#x430;</subfield>
    <subfield code="9">145369</subfield>
    <subfield code="3">RU\NLR\AUTH\770145405</subfield>
  </datafield>
  <datafield tag="801" ind1=" " ind2="0">
    <subfield code="a">RU</subfield>
    <subfield code="b">RuMoRKP</subfield>
    <subfield code="c">20131223</subfield>
    <subfield code="g">RCR</subfield>
  </datafield>
  <datafield tag="801" ind1=" " ind2="2">
    <subfield code="a">RU</subfield>
    <subfield code="b">&#x420;&#x413;&#x411;</subfield>
    <subfield code="c">20140120</subfield>
    <subfield code="g">rcr</subfield>
  </datafield>
  <datafield tag="942" ind1=" " ind2=" ">
    <subfield code="c">BOOK</subfield>
  </datafield>
  <datafield tag="980" ind1=" " ind2=" ">
    <subfield code="a">NBR</subfield>
  </datafield>
</record>
